000 00597nam a22001817a 4500
005 20251108165217.0
008 250721s1991 xx 000 0 ara d
082 1 4 _a610.956/محم
100 1 _aمحمد، أحمد رجب
245 1 0 _aالصيدلية المحمدية :
_bمحمد النبي الطبيب صلى الله عليه و سلم /
264 1 _aالقاهرة :
_bدار الفضيلة،
_c1991.
300 _a139ص
650 1 7 _aالطب
650 1 7 _aالسيرة النبوية
700 1 _aالبدري، أبي مصعب
_eتحقيق
942 _2ddc
_cBK
999 _c22234
_d22234